Подробности
| 000 -МАРКЕР |
| контрольное поле |
04026nam0a2200373 4500 |
| 001 - ИДЕНТИФИКАТОР ЗАПИСИ |
| контрольное поле |
RU\NLR\BIBL_A\012854878 |
| 005 - ИДЕНТИФИКАТОР ВЕРСИИ |
| контрольное поле |
20250624183523.0 |
| 010 ## - МЕЖДУНАРОДНЫЙ СТАНДАРТНЫЙ НОМЕР КНИГИ (ISBN) |
| Номер (ISBN) |
978-5-907586-00-0 |
| Тираж |
500 |
| 021 ## - НОМЕР ГОСУДАРСТВЕННОЙ РЕГИСТРАЦИИ |
| Код страны |
российская федерация |
| Номер |
2022-28233 |
| Номер Листа государственной регистраци |
КН-П-2422 |
| 035 ## - ДРУГИЕ СИСТЕМНЫЕ НОМЕРА |
| Идентификатор записи |
(RuMoRGB)011062055 |
| 035 ## - ДРУГИЕ СИСТЕМНЫЕ НОМЕРА |
| Идентификатор записи |
(NLR Aleph) 012854878 |
| 100 ## - ДАННЫЕ ОБЩЕЙ ОБРАБОТКИ |
| Данные общей обработки |
20220727d2022 |||y0rusy50 ca |
| 101 0# - ЯЗЫК РЕСУРСА |
| Язык текста, звукозаписи и т.д. |
русский |
| 102 ## - СТРАНА ПУБЛИКАЦИИ ИЛИ ПРОИЗВОДСТВА |
| Страна публикации |
российская федерация |
| 105 ## - ПОЛЕ КОДИРОВАННЫХ ДАННЫХ: ТЕКСТОВЫЕ МАТЕРИАЛЫ, МОНОГРАФИЧЕСКИЕ |
| Кодированные данные о монографическом текстовом документе |
a j 000zy |
| 181 #0 - ПОЛЕ КОДИРОВАННЫХ ДАННЫХ: ВИД СОДЕРЖАНИЯ |
| Код вида содержания (ISBD) |
i3 |
| Код характеристики содержания (ISBD) |
axxe |
| 182 #0 - ПОЛЕ КОДИРОВАННЫХ ДАННЫХ: ТИП СРЕДСТВА |
| Код типа средства (ISBD) |
n - непосредственное |
| 200 1# - ЗАГЛАВИЕ И СВЕДЕНИЯ ОБ ОТВЕТСТВЕННОСТИ |
| Основное заглавие |
Инвестиционное обеспечение развития сферы жилищно-коммунального хозяйства |
| Сведения, относящиеся к заглавию |
учебное пособие |
| -- |
для студентов всех форм обучения по направлению: 08.03.01 "Строительство" Профиль "Экспертиза и управление недвижимость"; 08.04.01 "Строительство" Программа "Теория и практика организационно-технологических и экономических решений"; 08.04.01 "Строительство" Программа "Судебная строительно-техническая и стоимостная экспертиза объектов недвижимости" |
| Первые сведения об ответственности |
О. К. Мещерякова, Л. П. Мышовская, М. А. Мещерякова |
| 203 ## - ВИД СОДЕРЖАНИЯ И ТИП СРЕДСТВА |
| Вид содержания |
Текст |
| Дополнительные сведения об издании |
визуальный |
| Тип средства |
непосредственный |
| 210 ## - ПУБЛИКАЦИЯ, РАСПРОСТРАНЕНИЕ И ДР. |
| Место издания, распространения и т.д. |
Курск |
| Имя издателя, распространителя и т. д. |
Университетская книга |
| Дата издания, распространения и т.д. |
2022 |
| 215 ## - ФИЗИЧЕСКАЯ ХАРАКТЕРИСТИКА |
| Специфическое обозначение материала и объем |
67 с. |
| Другие сведения о физической характеристике |
ил. |
| Размеры |
21 |
| 320 ## - ПРИМЕЧАНИЯ О НАЛИЧИИ В ДОКУМЕНТЕ БИБЛИОГРАФИИ / УКАЗАТЕЛЯ |
| Текст примечания |
Библиогр.: с. 61-64 (26 назв.) и в подстроч. примеч. |
| 330 ## - РЕЗЮМЕ ИЛИ РЕФЕРАТ |
| Текст примечания |
В учебном пособии представлен глубокий, многосторонний теоретический материал, закрепленный контрольными вопросами по рассматриваемым темам источников, механизмов, программ финансового обеспечения развития сферы жилищно-коммунального хозяйства. Учебное пособие подготовлено для студентов всех форм обучения по направлению: 08.03.01 "Строительство" Профиль "Экспертиза и управление недвижимость"; 08.04.01 "Строительство" Программа "Теория и практика организационно-технологических и экономических решений"; 08.04.01 "Строительство" Программа "Судебная строительно-техническая и стоимостная экспертиза объектов недвижимости". Пособие может быть использовано специалистами, практиками, занимающимися вопросами финансирования, кредитования в отрасли строительства и жилищно-коммунального хозяйства |
| 606 1# - НАИМЕНОВАНИЕ ТЕМЫ КАК ПРЕДМЕТ |
| Наименование темы |
Жилищное хозяйство |
| Формальный подзаголовок |
Учебные издания для высших учебных заведений |
| Тематический подзаголовок |
Инвестиции капитала |
| Географический подзаголовок |
Российская Федерация |
| Системный номер авторитетной/нормативной записи |
2536916 |
| Идентификатор авторитетной/нормативной записи |
RU\NLR\AUTH\661502265 |
| 606 1# - НАИМЕНОВАНИЕ ТЕМЫ КАК ПРЕДМЕТ |
| Наименование темы |
Коммунальное хозяйство |
| Формальный подзаголовок |
Учебные издания для высших учебных заведений |
| Тематический подзаголовок |
Инвестиции капитала |
| Географический подзаголовок |
Российская Федерация |
| Системный номер авторитетной/нормативной записи |
2607888 |
| Идентификатор авторитетной/нормативной записи |
RU\NLR\AUTH\661544446 |
| 686 1# - ИНДЕКСЫ ДРУГИХ КЛАССИФИКАЦИЙ |
| Индекс |
У44(2)1-56(2Р)я73 |
| 700 #1 - ИМЯ ЛИЦА - ПЕРВИЧНАЯ ОТВЕТСТВЕННОСТЬ |
| Начальный элемент ввода |
Мещерякова |
| Часть имени, кроме начального элемента ввода |
О. К. |
| Расширение инициалов личного имени |
Ольга Константиновна |
| 701 #1 - ИМЯ ЛИЦА - АЛЬТЕРНАТИВНАЯ ОТВЕТСТВЕННОСТЬ |
| Начальный элемент ввода |
Мышовская |
| Часть имени, кроме начального элемента ввода |
Л. П. |
| Расширение инициалов личного имени |
Людмила Петровна |
| 701 #1 - ИМЯ ЛИЦА - АЛЬТЕРНАТИВНАЯ ОТВЕТСТВЕННОСТЬ |
| Начальный элемент ввода |
Мещерякова |
| Часть имени, кроме начального элемента ввода |
М. А. |
| Расширение инициалов личного имени |
Мария Александровна |
| 942 ## - ДОПОЛНИТЕЛЬНЫЕ ЭЛЕМЕНТЫ ЗАПИСИ (АБИС) |
| Тип экземпляра АБИС |
Книга |
| 980 ## - КОЛЛЕКЦИЯ |
| Название коллекции |
Национальная библиография |